El giro hermenéutico
Furkejuvvon:
| Váldodahkki: | |
|---|---|
| Materiálatiipa: | Girji |
| Giella: | Undetermined |
| Almmustuhtton: |
Madrid, España
Ediciones Cátedra
2001
|
| Fáttát: | |
| Fáddágilkorat: |
Lasit fáddágilkoriid
Eai fáddágilkorat, Lasit vuosttaš fáddágilkora!
|
MARC
| LEADER | 00000nam a2200000Ia 4500 | ||
|---|---|---|---|
| 008 | 170316s9999 xx 000 0 und d | ||
| 090 | |a 100 G-1g | ||
| 100 | |a Gadamer, H. G. | ||
| 245 | |a El giro hermenéutico | ||
| 260 | |a Madrid, España | ||
| 260 | |b Ediciones Cátedra | ||
| 260 | |c 2001 | ||
| 300 | |a 238 páginas | ||
| 650 | |a FILOSOFÍA | ||
| 650 | |a SUBJETIVIDAD E INTERSUBJETIVIDAD | ||
| 650 | |a SUJETO Y PERSONA | ||
| 650 | |a FENOMENOLOGÍA | ||
| 650 | |a LA HERMENÉUTICA | ||
| 650 | |a METAFÍSICA | ||
| 650 | |a SARTRE - EL SER Y LA NADA | ||
| 650 | |a ROMANTICISMO | ||
| 650 | |a DECONSTRUCCIÓN | ||
| 650 | |a LA RAZÓN HISTÓRICA | ||
| 650 | |a LAS CIENCIAS HUMANAS | ||
| 650 | |a LA ESCUELA DE DILTHEY | ||
| 650 | |a HISTORIA DEL UNIVERSO | ||
| 650 | |a HISTORICIDAD DEL SER HUMANO | ||
| 650 | |a LA FILOSOFÍA PRÁCTICA | ||
| 650 | |a RAZÓN | ||
| 999 | |c 16272 |d 16272 | ||
| 040 | |a cru BVZT | ||
| 942 | |c 15 D |h 100 G-1g |2 z | ||
